[Event "Russian Blitz Championship (m)"]
[Site "Sochi"]
[Date "2022.10.14"]
[Round "1.12"]
[White "Chigaev, Maksim"]
[Black "Batyaev, Vyacheslav"]
[Result "1/2-1/2"]
[BlackElo "2108"]
[WhiteElo "2537"]
[LiveChessVersion "1.4.8"]

1. e4 {[%clk 0:03:01]} e5 {[%clk 0:03:01]} 2. Nf3 {[%clk 0:03:01]} Nc6
{[%clk 0:03:02]} 3. Bc4 {[%clk 0:03:01]} Nf6 {[%clk 0:03:02]} 4. d3
{[%clk 0:03:01]} Be7 {[%clk 0:03:01]} 5. O-O {[%clk 0:02:59]} O-O
{[%clk 0:03:01]} 6. a4 {[%clk 0:02:59]} d6 {[%clk 0:02:58]} 7. h3
{[%clk 0:02:53]} Be6 {[%clk 0:02:59]} 8. Re1 {[%clk 0:02:53]} h6 {[%clk 0:02:56]}
9. a5 {[%clk 0:02:43]} a6 {[%clk 0:02:56]} 10. Bd2 {[%clk 0:02:27]} Nd7
{[%clk 0:02:27]} 11. Nc3 {[%clk 0:02:25]} Bf6 {[%clk 0:02:22]} 12. Nd5
{[%clk 0:02:25]} Ne7 {[%clk 0:02:17]} 13. Ne3 {[%clk 0:02:18]} Ng6
{[%clk 0:02:12]} 14. Nf5 {[%clk 0:01:52]} Bxf5 {[%clk 0:01:55]} 15. exf5
{[%clk 0:01:52]} Ne7 {[%clk 0:01:56]} 16. g4 {[%clk 0:01:52]} c6 {[%clk 0:01:38]}
17. Ba2 {[%clk 0:01:49]} d5 {[%clk 0:01:32]} 18. h4 {[%clk 0:01:42]} Re8
{[%clk 0:01:22]} 19. c4 {[%clk 0:01:32]} e4 {[%clk 0:00:54]} 20. dxe4
{[%clk 0:01:32]} dxe4 {[%clk 0:00:54]} 21. Rxe4 {[%clk 0:01:29]} Nc5
{[%clk 0:00:51]} 22. Re2 {[%clk 0:01:20]} Qd3 {[%clk 0:00:35]} 23. Be3
{[%clk 0:01:21]} Qe4 {[%clk 0:00:22]} 24. Nh2 {[%clk 0:01:21]} Nxf5
{[%clk 0:00:13]} 25. gxf5 {[%clk 0:01:14]} Qxf5 {[%clk 0:00:14]} 26. Bb1
{[%clk 0:00:54]} Qh5 {[%clk 0:00:14]} 27. Rd2 {[%clk 0:00:50]} Qxd1+
{[%clk 0:00:14]} 28. Rxd1 {[%clk 0:00:51]} Ne4 {[%clk 0:00:13]} 29. Ra3
{[%clk 0:00:46]} Bxb2 {[%clk 0:00:12]} 30. Rb3 {[%clk 0:00:47]} Nc3
{[%clk 0:00:10]} 31. Re1 {[%clk 0:00:44]} Nxb1 {[%clk 0:00:11]} 32. Rxb1
{[%clk 0:00:40]} Bf6 {[%clk 0:00:11]} 33. Rxb7 {[%clk 0:00:39]} Bxh4
{[%clk 0:00:12]} 34. R7b6 {[%clk 0:00:38]} Re5 {[%clk 0:00:12]} 35. Nf3
{[%clk 0:00:33]} Re4 {[%clk 0:00:10]} 36. Nxh4 {[%clk 0:00:32]} Rxh4
{[%clk 0:00:11]} 37. Rxc6 {[%clk 0:00:33]} Rh5 {[%clk 0:00:09]} 38. Rc5
{[%clk 0:00:23]} Rxc5 {[%clk 0:00:09]} 39. Bxc5 {[%clk 0:00:24]} Rc8
{[%clk 0:00:11]} 40. Be3 {[%clk 0:00:25]} Rxc4 {[%clk 0:00:12]} 41. Rb6
{[%clk 0:00:26]} Rg4+ {[%clk 0:00:11]} 42. Kh2 Rg6 43. Rxg6 {[%clk 0:00:17]} fxg6
{[%clk 0:00:14]} 44. Kg3 {[%clk 0:00:17]} Kf7 {[%clk 0:00:16]} 45. Kg4
{[%clk 0:00:18]} Ke6 {[%clk 0:00:10]} 46. Bd4 {[%clk 0:00:19]} Kf7
{[%clk 0:00:11]} 47. Bc3 {[%clk 0:00:16]} g5 {[%clk 0:00:10]} 48. Kh5
{[%clk 0:00:15]} g4 {[%clk 0:00:10]} 49. Kxg4 {[%clk 0:00:16]} g6
{[%clk 0:00:10]} 50. Bd4 {[%clk 0:00:14]} Ke6 {[%clk 0:00:10]} 51. Be3
{[%clk 0:00:15]} h5+ {[%clk 0:00:07]} 52. Kg5 {[%clk 0:00:16]} Kf7
{[%clk 0:00:09]} 53. Bd4 {[%clk 0:00:18]} Ke6 {[%clk 0:00:10]} 54. Bb2
{[%clk 0:00:11]} Kd5 {[%clk 0:00:10]} 55. Bf6 {[%clk 0:00:10]} Ke4
{[%clk 0:00:09]} 56. f4 {[%clk 0:00:05]} h4 {[%clk 0:00:09]} 57. Be5
{[%clk 0:00:03]} h3 {[%clk 0:00:09]} 58. f5 {[%clk 0:00:04]} gxf5
{[%clk 0:00:09]} 59. Bf4 {[%clk 0:00:04]} Kd5 {[%clk 0:00:09]} 60. Kxf5
{[%clk 0:00:05]} Kc4 {[%clk 0:00:11]} 61. Kg4 {[%clk 0:00:05]} Kb5
{[%clk 0:00:12]} 62. Bc7 {[%clk 0:00:05]} h2 {[%clk 0:00:13]} 63. Bxh2
{[%clk 0:00:05]} Kxa5 {[%clk 0:00:14]} 64. Bg1 {[%clk 0:00:05]} 1/2-1/2

[Event "Russian Blitz Championship (m)"]
[Site "Sochi"]
[Date "2022.10.14"]
[Round "1.13"]
[White "Esipenko, Aleksandr"]
[Black "Savchenko, Boris"]
[Result "0-1"]
[BlackElo "2530"]
[WhiteElo "2105"]
[LiveChessVersion "1.4.8"]

1. d4 {[%clk 0:03:03]} Nf6 {[%clk 0:03:02]} 2. Nf3 {[%clk 0:03:03]} e6
{[%clk 0:03:03]} 3. c4 {[%clk 0:02:57]} b6 {[%clk 0:03:03]} 4. e3
{[%clk 0:02:53]} Bb7 {[%clk 0:03:04]} 5. Bd3 {[%clk 0:02:53]} c5 {[%clk 0:03:04]}
6. O-O {[%clk 0:02:49]} Be7 {[%clk 0:03:03]} 7. b3 {[%clk 0:02:49]} cxd4
{[%clk 0:03:03]} 8. exd4 {[%clk 0:02:44]} d5 {[%clk 0:03:01]} 9. Bb2
{[%clk 0:02:36]} O-O {[%clk 0:03:00]} 10. Nbd2 {[%clk 0:02:32]} Re8
{[%clk 0:02:58]} 11. Qe2 {[%clk 0:02:31]} Bf8 {[%clk 0:02:57]} 12. Rac1
{[%clk 0:02:30]} Nbd7 {[%clk 0:02:56]} 13. Ne5 {[%clk 0:02:09]} dxc4
{[%clk 0:02:45]} 14. bxc4 {[%clk 0:02:08]} Nxe5 {[%clk 0:02:44]} 15. Qxe5
{[%clk 0:01:24]} Bd6 {[%clk 0:02:24]} 16. Qe2 {[%clk 0:01:20]} Qe7
{[%clk 0:02:06]} 17. Ne4 {[%clk 0:00:56]} Nxe4 {[%clk 0:02:00]} 18. Bxe4
{[%clk 0:00:43]} Bxh2+ {[%clk 0:01:52]} 19. Kxh2 {[%clk 0:00:39]} Qh4+
{[%clk 0:01:52]} 20. Kg1 {[%clk 0:00:39]} Bxe4 {[%clk 0:01:30]} 21. f3
{[%clk 0:00:28]} Bg6 {[%clk 0:01:19]} 22. c5 {[%clk 0:00:24]} Qf4
{[%clk 0:01:16]} 23. c6 {[%clk 0:00:08]} Rac8 {[%clk 0:01:11]} 24. Rfd1
{[%clk 0:00:07]} h5 {[%clk 0:01:03]} 25. Rc4 {[%clk 0:00:08]} Qd6
{[%clk 0:00:55]} 26. Rdc1 {[%clk 0:00:09]} f6 {[%clk 0:00:47]} 27. Qe3
{[%clk 0:00:09]} Rc7 {[%clk 0:00:46]} 28. Ba3 {[%clk 0:00:10]} Qd5
{[%clk 0:00:46]} 29. Bb2 {[%clk 0:00:08]} Rec8 {[%clk 0:00:43]} 30. Qc3
{[%clk 0:00:09]} Kf7 {[%clk 0:00:42]} 31. Qa3 {[%clk 0:00:08]} h4
{[%clk 0:00:41]} 32. Kf2 {[%clk 0:00:08]} Bf5 {[%clk 0:00:32]} 33. R1c3
{[%clk 0:00:09]} Bd3 {[%clk 0:00:26]} 34. Ra4 {[%clk 0:00:09]} Bb5
{[%clk 0:00:18]} 35. Rxa7 Bxc6 {[%clk 0:00:18]} 36. Rxc7+ {[%clk 0:00:10]} Rxc7
{[%clk 0:00:19]} 37. Qb4 {[%clk 0:00:11]} Qxa2 {[%clk 0:00:16]} 38. Qxb6
{[%clk 0:00:12]} Rb7 {[%clk 0:00:17]} 39. Rxc6 {[%clk 0:00:07]} Rxb6
{[%clk 0:00:16]} 40. Rxb6 {[%clk 0:00:09]} g5 {[%clk 0:00:16]} 41. d5
{[%clk 0:00:09]} Qxd5 {[%clk 0:00:17]} 42. Rb8 {[%clk 0:00:05]} Qd2+
{[%clk 0:00:17]} 43. Kg1 {[%clk 0:00:06]} Qe1+ {[%clk 0:00:18]} 0-1

[Event "Russian Blitz Championship (m)"]
[Site "Sochi"]
[Date "2022.10.14"]
[Round "1.14"]
[White "Petrov, Nikita"]
[Black "Onischenko, Leonid"]
[Result "1-0"]
[BlackElo "2104"]
[WhiteElo "2528"]
[LiveChessVersion "1.4.8"]

1. e4 {[%clk 0:03:03]} c5 {[%clk 0:03:00]} 2. Nf3 {[%clk 0:03:03]} g6
{[%clk 0:03:01]} 3. c3 {[%clk 0:03:01]} Bg7 {[%clk 0:02:59]} 4. d4
{[%clk 0:03:00]} cxd4 {[%clk 0:03:00]} 5. cxd4 {[%clk 0:02:59]} d5
{[%clk 0:03:01]} 6. e5 {[%clk 0:02:56]} Nc6 {[%clk 0:03:03]} 7. Bb5
{[%clk 0:02:51]} Bg4 {[%clk 0:02:47]} 8. O-O {[%clk 0:02:43]} e6 {[%clk 0:02:48]}
9. Bxc6+ {[%clk 0:02:37]} bxc6 {[%clk 0:02:49]} 10. Nbd2 {[%clk 0:02:36]} Ne7
{[%clk 0:02:48]} 11. h3 {[%clk 0:02:36]} Bxf3 {[%clk 0:02:49]} 12. Nxf3
{[%clk 0:02:36]} O-O {[%clk 0:02:50]} 13. b3 {[%clk 0:02:30]} a5 {[%clk 0:02:46]}
14. Ba3 {[%clk 0:02:25]} Re8 {[%clk 0:02:42]} 15. Rc1 {[%clk 0:02:25]} a4
{[%clk 0:02:25]} 16. bxa4 {[%clk 0:02:04]} Ra6 {[%clk 0:02:12]} 17. Bb4
{[%clk 0:01:55]} Bf8 {[%clk 0:02:05]} 18. a3 {[%clk 0:01:47]} Qd7
{[%clk 0:01:46]} 19. a5 {[%clk 0:01:46]} Rb8 {[%clk 0:01:42]} 20. Qd3
{[%clk 0:01:44]} Raa8 {[%clk 0:01:31]} 21. Rb1 {[%clk 0:01:43]} Nc8
{[%clk 0:01:21]} 22. Qd2 {[%clk 0:01:34]} Bg7 {[%clk 0:01:11]} 23. Rfc1
{[%clk 0:01:27]} Na7 {[%clk 0:01:09]} 24. h4 {[%clk 0:01:16]} h5 {[%clk 0:01:10]}
25. Qf4 {[%clk 0:01:15]} Nb5 {[%clk 0:01:02]} 26. Rb2 {[%clk 0:01:06]} Bf8
{[%clk 0:00:58]} 27. Bxf8 {[%clk 0:00:54]} Rxf8 {[%clk 0:00:54]} 28. Qh6
{[%clk 0:00:50]} f6 {[%clk 0:00:27]} 29. Qxg6+ {[%clk 0:00:46]} Qg7
{[%clk 0:00:28]} 30. Qxg7+ {[%clk 0:00:43]} Kxg7 {[%clk 0:00:29]} 31. Rxc6
{[%clk 0:00:41]} Nxa3 {[%clk 0:00:26]} 32. Rb7+ {[%clk 0:00:36]} Rf7
{[%clk 0:00:27]} 33. exf6+ {[%clk 0:00:36]} Kxf6 {[%clk 0:00:27]} 34. Rxf7+
{[%clk 0:00:33]} Kxf7 {[%clk 0:00:28]} 35. Ng5+ {[%clk 0:00:34]} Kf6
{[%clk 0:00:26]} 36. Rxe6+ {[%clk 0:00:32]} Kf5 {[%clk 0:00:25]} 37. Re5+
{[%clk 0:00:33]} Kf4 {[%clk 0:00:26]} 38. g3+ {[%clk 0:00:32]} 1-0

[Event "Russian Blitz Championship (m)"]
[Site "Sochi"]
[Date "2022.10.14"]
[Round "1.15"]
[White "Eremeev, Mikhail"]
[Black "Demidov, Mikhail"]
[Result "0-1"]
[BlackElo "2520"]
[WhiteElo "2086"]
[LiveChessVersion "1.4.8"]

1. d4 {[%clk 0:03:03]} g6 {[%clk 0:03:01]} 2. Nf3 {[%clk 0:03:00]} Bg7
{[%clk 0:03:02]} 3. g3 {[%clk 0:02:59]} d6 {[%clk 0:03:03]} 4. Bg2
{[%clk 0:02:57]} Nd7 {[%clk 0:03:04]} 5. O-O {[%clk 0:02:50]} e5 {[%clk 0:03:04]}
6. dxe5 {[%clk 0:02:25]} dxe5 {[%clk 0:03:01]} 7. e4 {[%clk 0:02:17]} Ne7
{[%clk 0:02:54]} 8. Qe2 {[%clk 0:02:08]} O-O {[%clk 0:02:40]} 9. a4
{[%clk 0:01:58]} Nc6 {[%clk 0:02:33]} 10. c3 {[%clk 0:01:53]} a5 {[%clk 0:02:34]}
11. Na3 {[%clk 0:01:48]} Nc5 {[%clk 0:02:32]} 12. Rd1 {[%clk 0:01:45]} Qe7
{[%clk 0:02:29]} 13. Nc4 {[%clk 0:01:29]} Nb3 {[%clk 0:01:58]} 14. Rb1
{[%clk 0:01:22]} Be6 {[%clk 0:01:49]} 15. Ne3 {[%clk 0:00:53]} Nxc1
{[%clk 0:01:25]} 16. Rbxc1 {[%clk 0:00:44]} f6 {[%clk 0:01:26]} 17. Nd5
{[%clk 0:00:41]} Qf7 {[%clk 0:01:28]} 18. Ne1 {[%clk 0:00:29]} Nb8
{[%clk 0:01:16]} 19. Nd3 {[%clk 0:00:21]} c6 {[%clk 0:01:12]} 20. Ne3
{[%clk 0:00:14]} Na6 {[%clk 0:01:09]} 21. Ra1 {[%clk 0:00:10]} Rfd8
{[%clk 0:01:07]} 22. Ne1 {[%clk 0:00:08]} Bb3 {[%clk 0:01:05]} 23. Rxd8+
{[%clk 0:00:08]} Rxd8 {[%clk 0:01:06]} 24. Nf3 {[%clk 0:00:08]} Qd7
{[%clk 0:00:51]} 25. h3 {[%clk 0:00:07]} Nc5 {[%clk 0:00:50]} 26. Ne1
{[%clk 0:00:06]} Qd2 {[%clk 0:00:46]} 27. Qxd2 {[%clk 0:00:04]} Rxd2
{[%clk 0:00:47]} 28. Bf1 {[%clk 0:00:03]} Rxb2 {[%clk 0:00:42]} 29. Nc4
{[%clk 0:00:03]} Bxc4 {[%clk 0:00:34]} 30. Bxc4+ {[%clk 0:00:04]} Kf8
{[%clk 0:00:35]} 31. Rd1 {[%clk 0:00:05]} Ke7 {[%clk 0:00:33]} 32. f3
{[%clk 0:00:05]} Nxa4 {[%clk 0:00:32]} 33. Nd3 {[%clk 0:00:05]} Rb6
{[%clk 0:00:30]} 34. Ra1 {[%clk 0:00:04]} Nxc3 {[%clk 0:00:30]} 35. Rxa5
{[%clk 0:00:06]} Bh6 {[%clk 0:00:26]} 36. Ra7 {[%clk 0:00:06]} Be3+
{[%clk 0:00:25]} 37. Kg2 {[%clk 0:00:07]} Rb2+ {[%clk 0:00:23]} 38. Nxb2
{[%clk 0:00:08]} Bxa7 {[%clk 0:00:24]} 39. Nd3 {[%clk 0:00:09]} b5
{[%clk 0:00:24]} 40. Bb3 {[%clk 0:00:10]} c5 {[%clk 0:00:23]} 41. Bc2
{[%clk 0:00:11]} Kd6 {[%clk 0:00:22]} 42. Kf1 {[%clk 0:00:12]} c4
{[%clk 0:00:22]} 0-1

[Event "Russian Blitz Championship (m)"]
[Site "Sochi"]
[Date "2022.10.14"]
[Round "1.16"]
[White "Ponkratov, Pavel"]
[Black "Safin, Timur"]
[Result "1-0"]
[BlackElo "2070"]
[WhiteElo "2515"]
[LiveChessVersion "1.4.8"]

1. g3 {[%clk 0:03:02]} d5 {[%clk 0:03:03]} 2. Nf3 {[%clk 0:03:03]} Nf6
{[%clk 0:03:04]} 3. Bg2 {[%clk 0:03:04]} c6 {[%clk 0:03:04]} 4. O-O
{[%clk 0:03:04]} Bg4 {[%clk 0:03:04]} 5. h3 {[%clk 0:03:04]} Bxf3
{[%clk 0:03:05]} 6. Bxf3 {[%clk 0:03:05]} e5 {[%clk 0:03:06]} 7. Bg2
{[%clk 0:03:06]} Bd6 {[%clk 0:03:06]} 8. d4 {[%clk 0:03:07]} Nbd7
{[%clk 0:02:46]} 9. c4 {[%clk 0:03:00]} dxc4 {[%clk 0:02:37]} 10. Nc3
{[%clk 0:03:01]} O-O {[%clk 0:02:34]} 11. d5 {[%clk 0:03:01]} cxd5
{[%clk 0:02:16]} 12. Nxd5 {[%clk 0:03:02]} Nxd5 {[%clk 0:01:55]} 13. Qxd5
{[%clk 0:02:57]} Nf6 {[%clk 0:01:48]} 14. Qxb7 {[%clk 0:02:52]} Rb8 15. Qxa7 Qe7
{[%clk 0:01:39]} 16. Qxe7 {[%clk 0:02:49]} Bxe7 {[%clk 0:01:40]} 17. a4
{[%clk 0:02:48]} e4 {[%clk 0:01:30]} 18. a5 {[%clk 0:02:46]} Rfd8
{[%clk 0:01:17]} 19. a6 {[%clk 0:02:44]} Bc5 {[%clk 0:01:15]} 20. Ra4 Rb4
{[%clk 0:01:00]} 21. Rxb4 {[%clk 0:02:45]} Bxb4 {[%clk 0:01:01]} 22. Bg5
{[%clk 0:02:46]} Ra8 {[%clk 0:01:01]} 23. Ra1 {[%clk 0:02:46]} c3
{[%clk 0:00:51]} 24. bxc3 {[%clk 0:02:47]} Bxc3 {[%clk 0:00:52]} 25. Ra4 Ra7 26.
Be3 {[%clk 0:02:39]} Ra8 {[%clk 0:00:37]} 27. a7 {[%clk 0:02:38]} 1-0

[Event "Russian Blitz Championship (m)"]
[Site "Sochi"]
[Date "2022.10.14"]
[Round "1.17"]
[White "Ermakov, Maksim"]
[Black "Dzhumagaliev, Yan"]
[Result "0-1"]
[BlackElo "2507"]
[WhiteElo "2067"]
[LiveChessVersion "1.4.8"]

1. d4 {[%clk 0:03:02]} h5 {[%clk 0:03:04]} 2. Nf3 {[%clk 0:03:03]} h4
{[%clk 0:03:04]} 3. h3 {[%clk 0:03:03]} d5 {[%clk 0:03:05]} 4. e3
{[%clk 0:03:04]} c5 {[%clk 0:03:06]} 5. c3 {[%clk 0:03:05]} Nc6 {[%clk 0:03:06]}
6. dxc5 {[%clk 0:03:06]} e5 {[%clk 0:03:05]} 7. b4 {[%clk 0:03:07]} e4
{[%clk 0:03:01]} 8. Nd4 {[%clk 0:03:07]} a5 {[%clk 0:03:02]} 9. Bb5
{[%clk 0:02:57]} Bd7 {[%clk 0:03:03]} 10. Bb2 {[%clk 0:02:53]} Ne5
{[%clk 0:02:56]} 11. Be2 {[%clk 0:02:52]} Qg5 {[%clk 0:02:38]} 12. Bf1
{[%clk 0:02:46]} Nf6 {[%clk 0:02:32]} 13. a3 {[%clk 0:02:47]} Be7
{[%clk 0:02:20]} 14. Nd2 {[%clk 0:02:48]} O-O {[%clk 0:02:18]} 15. Rc1
{[%clk 0:02:33]} b6 16. cxb6 {[%clk 0:02:32]} Rfb8 {[%clk 0:02:19]} 17. Qb3
{[%clk 0:02:05]} Rxb6 {[%clk 0:02:20]} 18. b5 {[%clk 0:01:47]} a4
{[%clk 0:02:20]} 19. Qa2 {[%clk 0:01:48]} Bc5 {[%clk 0:02:20]} 20. c4
{[%clk 0:01:45]} Nfg4 {[%clk 0:01:39]} 21. hxg4 {[%clk 0:01:37]} Nxg4
{[%clk 0:01:40]} 22. cxd5 {[%clk 0:01:30]} Nxf2 {[%clk 0:01:21]} 23. Nc4
{[%clk 0:01:03]} Rf6 {[%clk 0:01:17]} 24. Be2 {[%clk 0:00:44]} Nxh1
{[%clk 0:01:16]} 25. Kd2 {[%clk 0:00:42]} Qxg2 {[%clk 0:01:13]} 26. Ne5
{[%clk 0:00:42]} Bxd4 {[%clk 0:01:08]} 27. Bxd4 {[%clk 0:00:23]} Bxb5
{[%clk 0:01:09]} 28. Re1 {[%clk 0:00:18]} Rf2 {[%clk 0:01:07]} 29. Nc4
{[%clk 0:00:16]} Rc8 {[%clk 0:01:00]} 30. Nd6 {[%clk 0:00:05]} Rxe2+
{[%clk 0:01:00]} 0-1

[Event "Russian Blitz Championship (m)"]
[Site "Sochi"]
[Date "2022.10.14"]
[Round "1.18"]
[White "Kezin, Roman"]
[Black "Zhugin, Nikolay"]
[Result "1-0"]
[BlackElo "2061"]
[WhiteElo "2503"]
[LiveChessVersion "1.4.8"]

1. Nf3 {[%clk 0:03:02]} g6 {[%clk 0:03:02]} 2. d4 {[%clk 0:02:58]} Nf6
{[%clk 0:03:00]} 3. c4 {[%clk 0:02:57]} Bg7 {[%clk 0:02:59]} 4. g3
{[%clk 0:02:57]} d5 {[%clk 0:02:57]} 5. cxd5 {[%clk 0:02:55]} Nxd5
{[%clk 0:02:53]} 6. Bg2 {[%clk 0:02:56]} O-O {[%clk 0:02:50]} 7. O-O
{[%clk 0:02:56]} c5 {[%clk 0:02:48]} 8. e4 {[%clk 0:02:21]} Nb4 {[%clk 0:02:16]}
9. d5 {[%clk 0:02:12]} e6 {[%clk 0:02:00]} 10. a3 {[%clk 0:02:13]} N4a6
{[%clk 0:02:00]} 11. Nc3 {[%clk 0:02:13]} exd5 {[%clk 0:01:52]} 12. exd5
{[%clk 0:02:06]} Bg4 {[%clk 0:01:40]} 13. h3 {[%clk 0:01:49]} Bf5
{[%clk 0:01:22]} 14. Bf4 {[%clk 0:01:25]} c4 {[%clk 0:01:10]} 15. Re1
{[%clk 0:01:22]} Nd7 {[%clk 0:00:57]} 16. Nd4 {[%clk 0:01:14]} Bd3
{[%clk 0:00:41]} 17. Ndb5 {[%clk 0:01:14]} Ndc5 {[%clk 0:00:27]} 18. d6
{[%clk 0:01:06]} Re8 {[%clk 0:00:13]} 19. h4 {[%clk 0:00:55]} Qd7
{[%clk 0:00:08]} 20. Qf3 {[%clk 0:00:33]} Nc7 {[%clk 0:00:07]} 21. dxc7
{[%clk 0:00:35]} Bxc3 {[%clk 0:00:07]} 22. bxc3 {[%clk 0:00:27]} Be4
{[%clk 0:00:08]} 23. Qd1 {[%clk 0:00:13]} Qc6 {[%clk 0:00:05]} 24. Bxe4
{[%clk 0:00:09]} Nxe4 {[%clk 0:00:06]} 25. Qd4 {[%clk 0:00:09]} Nc5
{[%clk 0:00:04]} 26. Bh6 {[%clk 0:00:07]} f6 {[%clk 0:00:03]} 27. Qxc4+
{[%clk 0:00:08]} Kh8 {[%clk 0:00:04]} 28. Qf7 {[%clk 0:00:08]} Qd7
{[%clk 0:00:04]} 29. Bg7# {[%clk 0:00:07]} 1-0

[Event "Russian Blitz Championship (m)"]
[Site "Sochi"]
[Date "2022.10.14"]
[Round "1.19"]
[White "Potapenko, Denis"]
[Black "Shomoev, Anton"]
[Result "0-1"]
[BlackElo "2499"]
[WhiteElo "2055"]
[LiveChessVersion "1.4.8"]

1. d4 {[%clk 0:03:02]} Nf6 {[%clk 0:03:01]} 2. Nc3 {[%clk 0:03:02]} d5
{[%clk 0:03:02]} 3. Bg5 {[%clk 0:03:02]} c5 {[%clk 0:02:40]} 4. Bxf6
{[%clk 0:03:01]} gxf6 {[%clk 0:02:40]} 5. e3 {[%clk 0:03:01]} Nc6
{[%clk 0:02:29]} 6. Qh5 {[%clk 0:03:00]} cxd4 {[%clk 0:02:20]} 7. exd4
{[%clk 0:02:59]} e6 {[%clk 0:02:20]} 8. O-O-O {[%clk 0:02:57]} Bd7
{[%clk 0:02:14]} 9. Nge2 {[%clk 0:02:50]} Qa5 {[%clk 0:01:57]} 10. g3
{[%clk 0:02:35]} b5 {[%clk 0:01:54]} 11. Nf4 {[%clk 0:02:01]} b4 {[%clk 0:01:53]}
12. Ncxd5 {[%clk 0:01:57]} exd5 {[%clk 0:01:54]} 13. Nxd5 {[%clk 0:01:57]} O-O-O
{[%clk 0:01:42]} 14. Qxf7 {[%clk 0:01:10]} Bd6 {[%clk 0:00:54]} 15. Bc4
{[%clk 0:00:49]} Rdf8 {[%clk 0:00:51]} 16. Qh5 {[%clk 0:00:44]} Kb8
{[%clk 0:00:51]} 17. Kb1 {[%clk 0:00:24]} Ne7 {[%clk 0:00:49]} 18. Rhe1
{[%clk 0:00:07]} Nxd5 {[%clk 0:00:50]} 19. Bxd5 {[%clk 0:00:07]} Bc6
{[%clk 0:00:45]} 20. Bf3 {[%clk 0:00:05]} Qxh5 {[%clk 0:00:46]} 21. Bxh5
{[%clk 0:00:06]} Bd5 {[%clk 0:00:45]} 22. Be2 {[%clk 0:00:04]} Kc7
{[%clk 0:00:44]} 23. Rc1 {[%clk 0:00:03]} Re8 {[%clk 0:00:42]} 24. c4
{[%clk 0:00:04]} Be4+ {[%clk 0:00:36]} 25. Ka1 {[%clk 0:00:04]} f5
{[%clk 0:00:29]} 26. c5 {[%clk 0:00:05]} Be7 {[%clk 0:00:30]} 27. Bb5
{[%clk 0:00:04]} Bf6 {[%clk 0:00:28]} 28. Bxe8 {[%clk 0:00:04]} Rxe8
{[%clk 0:00:30]} 29. f3 {[%clk 0:00:04]} Bc6 {[%clk 0:00:31]} 30. Rxe8
{[%clk 0:00:03]} Bxe8 {[%clk 0:00:32]} 31. Re1 {[%clk 0:00:03]} Bf7
{[%clk 0:00:32]} 32. Rd1 {[%clk 0:00:03]} Kc6 {[%clk 0:00:33]} 33. Kb1
{[%clk 0:00:03]} Kd5 {[%clk 0:00:27]} 34. Kc2 {[%clk 0:00:03]} Bxd4
{[%clk 0:00:28]} 35. c6 {[%clk 0:00:04]} Be6 {[%clk 0:00:25]} 36. c7
{[%clk 0:00:04]} Bd7 {[%clk 0:00:10]} 37. Re1 {[%clk 0:00:04]} Kc6
{[%clk 0:00:11]} 38. Re7 {[%clk 0:00:03]} Kxc7 {[%clk 0:00:08]} 39. Rxh7
{[%clk 0:00:03]} Kd6 {[%clk 0:00:09]} 40. h4 {[%clk 0:00:04]} f4 {[%clk 0:00:09]}
41. Kb3 {[%clk 0:00:05]} fxg3 {[%clk 0:00:09]} 42. Rh6+ {[%clk 0:00:05]} Be6+
{[%clk 0:00:10]} 43. Ka4 {[%clk 0:00:05]} g2 {[%clk 0:00:11]} 44. Rg6
{[%clk 0:00:06]} g1=Q {[%clk 0:00:12]} 0-1

[Event "Russian Blitz Championship (m)"]
[Site "Sochi"]
[Date "2022.10.14"]
[Round "1.20"]
[White "Drygalov, Andrey"]
[Black "Muromtsev, Arthur"]
[Result "1-0"]
[BlackElo "2054"]
[WhiteElo "2498"]
[LiveChessVersion "1.4.8"]

1. e4 {[%clk 0:03:02]} e5 {[%clk 0:03:03]} 2. Nf3 {[%clk 0:03:03]} Nc6
{[%clk 0:03:04]} 3. Bc4 {[%clk 0:03:04]} Nf6 {[%clk 0:03:04]} 4. d3
{[%clk 0:03:05]} Bc5 {[%clk 0:03:04]} 5. O-O {[%clk 0:03:05]} d6 {[%clk 0:02:58]}
6. c3 {[%clk 0:03:06]} a6 {[%clk 0:02:59]} 7. a4 {[%clk 0:03:01]} Ba7
{[%clk 0:02:59]} 8. Re1 {[%clk 0:02:58]} h6 {[%clk 0:02:54]} 9. Nbd2
{[%clk 0:02:58]} Be6 {[%clk 0:01:51]} 10. b4 {[%clk 0:02:46]} O-O
{[%clk 0:01:35]} 11. Bxe6 {[%clk 0:02:39]} fxe6 {[%clk 0:01:36]} 12. h3
{[%clk 0:02:35]} Qe8 {[%clk 0:01:33]} 13. Nf1 {[%clk 0:02:35]} Nh5
{[%clk 0:01:33]} 14. Be3 {[%clk 0:02:16]} Nf4 {[%clk 0:01:31]} 15. Kh2
{[%clk 0:02:03]} Ne7 {[%clk 0:01:19]} 16. Bxa7 {[%clk 0:01:48]} Rxa7
{[%clk 0:01:20]} 17. d4 {[%clk 0:01:48]} Neg6 {[%clk 0:01:13]} 18. g3
{[%clk 0:01:36]} Nh5 {[%clk 0:01:08]} 19. Ra2 {[%clk 0:01:37]} Qf7
{[%clk 0:01:01]} 20. Nxe5 {[%clk 0:01:18]} Nxe5 {[%clk 0:01:02]} 21. dxe5
{[%clk 0:01:19]} dxe5 {[%clk 0:01:00]} 22. Rd2 {[%clk 0:01:17]} Nf6
{[%clk 0:00:54]} 23. Qf3 {[%clk 0:01:06]} Raa8 {[%clk 0:00:49]} 24. Ne3
{[%clk 0:00:43]} Qg6 {[%clk 0:00:50]} 25. Ng4 {[%clk 0:00:42]} h5
{[%clk 0:00:34]} 26. Nxe5 {[%clk 0:00:30]} Qg5 {[%clk 0:00:35]} 27. Qe3
{[%clk 0:00:21]} Qxe5 {[%clk 0:00:36]} 28. f4 {[%clk 0:00:23]} Ng4+
{[%clk 0:00:33]} 29. hxg4 {[%clk 0:00:23]} Qf6 {[%clk 0:00:34]} 30. g5
{[%clk 0:00:24]} Qg6 {[%clk 0:00:34]} 31. Rd7 {[%clk 0:00:23]} Rf7
{[%clk 0:00:29]} 32. Rxf7 {[%clk 0:00:24]} Qxf7 {[%clk 0:00:30]} 33. Rd1
{[%clk 0:00:25]} Qe7 {[%clk 0:00:28]} 34. Qc5 {[%clk 0:00:24]} Qf7
{[%clk 0:00:28]} 35. Qe5 {[%clk 0:00:24]} Rf8 {[%clk 0:00:28]} 36. b5
{[%clk 0:00:24]} axb5 {[%clk 0:00:28]} 37. axb5 {[%clk 0:00:25]} Qe7
{[%clk 0:00:27]} 38. b6 {[%clk 0:00:21]} cxb6 39. Rd6 {[%clk 0:00:23]} Qc7
{[%clk 0:00:20]} 40. Rxe6 {[%clk 0:00:22]} Qc4 {[%clk 0:00:20]} 41. Kg1
{[%clk 0:00:06]} Qe2 {[%clk 0:00:21]} 42. Qd4 {[%clk 0:00:06]} Qe1+ 43. Kg2 Qe2+
{[%clk 0:00:19]} 44. Qf2 {[%clk 0:00:09]} Qc4 {[%clk 0:00:20]} 45. Re7
{[%clk 0:00:09]} Qxc3 {[%clk 0:00:19]} 46. e5 {[%clk 0:00:07]} Rd8
{[%clk 0:00:19]} 47. Qa2+ {[%clk 0:00:08]} Kh8 {[%clk 0:00:19]} 48. Qf7
{[%clk 0:00:07]} Qc2+ {[%clk 0:00:10]} 49. Kh3 {[%clk 0:00:08]} Rg8
{[%clk 0:00:08]} 50. Qxh5+ {[%clk 0:00:08]} Qh7 {[%clk 0:00:10]} 51. Qxh7+
{[%clk 0:00:09]} 1-0